000 01500cam a22004334a 4500
001 14374195
003 OSt
005 20230622151247.0
008 060511s2005 ne a b 001 0 eng c
010 _a 2006275530
016 7 _a101263085
_2DNLM
020 _a1402033036
020 _a1402033028 (ebook)
020 _a9781402033032
020 _a9781402033025
035 _a(OCoLC)ocm60744511
040 _aNLM
_cNLM
_dOHX
_dBAKER
_dHNK
_dIXA
_dDLC
042 _apcc
050 0 0 _aQH671
_b.A69 2005
060 0 0 _a2005 N-968
060 1 0 _aQZ 267
_bA6515 2005
082 0 0 _a330
_bFIN
245 0 0 _aApplication of apoptosis to cancer treatment /
_c[edited] by Mels Sluyser.
260 _aDordrecht :
_bSpringer,
_cc2005.
300 _avi, 370 p. :
_bill. ;
_c25 cm.
500 _aErrata slip inserted.
504 _aIncludes bibliographical references and index.
650 0 _aCancer
_xTreatment.
650 0 _aApoptosis.
650 1 2 _aAntineoplastic Agents
_xtherapeutic use.
650 2 2 _aApoptosis
_xdrug effects.
650 2 2 _aNeoplasms
_xdrug therapy.
700 1 _aSluyser, M.
_q(Mels),
_d1930-
856 4 2 _3Publisher description
_uhttp://www.loc.gov/catdir/enhancements/fy0663/2006275530-d.html
856 4 1 _3Table of contents only
_uhttp://www.loc.gov/catdir/enhancements/fy0814/2006275530-t.html
906 _a7
_bcbc
_cpccadap
_d2
_encip
_f20
_gy-gencatlg
942 _2ddc
_cBK
999 _c2359
_d2359